Разработка и исследование моделей данных и средств организации взаимодействия пользователей с информационными ресурсами: автореферат диссертации на соискание ученой степени доктора технических наук; Спец. 05.13.17

Bibliografiske detaljer
Hovedforfatter: Зыкин С. В. Сергей Владимирович
Institution som forfatter: Российская академия наук (РАН) Сибирское отделение (СО) Институт математики им. С. Л. Соболева (ИМ) Омский филиал
Summary:Защита сост. 6.12.2005 г.
Sprog:russisk
Udgivet: Омск, [Б. и.], 2005
Fag:
Format: MixedMaterials Bog
KOHA link:https://koha.lib.tpu.ru/cgi-bin/koha/opac-detail.pl?biblionumber=89105

MARC

LEADER 00000nam0a2200000 4500
001 89105
005 20231031102920.0
035 |a (RuTPU)RU\TPU\book\95599 
090 |a 89105 
100 |a 20060116d2005 k y0rusy50 ca 
101 0 |a rus 
102 |a RU 
105 |a a dm 001zy 
200 1 |a Разработка и исследование моделей данных и средств организации взаимодействия пользователей с информационными ресурсами  |e автореферат диссертации на соискание ученой степени доктора технических наук  |e Спец. 05.13.17  |f С. В. Зыкин  |g Сибирское отделение РАН; Институт математики, Омский филиал 
210 |a Омск  |c [Б. и.]  |d 2005 
215 |a 31 с.  |c ил. 
300 |a Защита сост. 6.12.2005 г. 
320 |a Библиогр.: с. 29-31 (26 назв.) 
610 1 |a информатика 
610 1 |a информационные ресурсы 
610 1 |a данные 
610 1 |a модели данных 
610 1 |a отображение 
610 1 |a таблицы соединений 
610 1 |a S-таблица 
610 1 |a оценка 
610 1 |a запросы 
610 1 |a оптимизация 
610 1 |a графические данные 
610 1 |a математические модели 
610 1 |a алгоритмы 
610 1 |a реляционные базы данных 
610 1 |a пользовательские представления 
610 1 |a программное обеспечение 
610 1 |a фазовые диаграммы 
610 1 |a межмодельные преобразования 
610 1 |a авторефераты диссертаций 
675 |a 681.3.016(04)  |v 3 
686 |a 05.13.17  |2 oksvnk 
700 1 |a Зыкин  |b С. В.  |g Сергей Владимирович 
712 0 2 |a Российская академия наук (РАН)  |b Сибирское отделение (СО)  |b Институт математики им. С. Л. Соболева (ИМ)  |b Омский филиал  |c (Новосибирск)  |2 stltpush  |3 (RuTPU)RU\TPU\col\43 
801 1 |a RU  |b 63413507  |c 20060116  |g PSBO 
801 2 |a RU  |b 63413507  |c 20100224  |g PSBO 
942 |c BK